Mise en oeuvre de la stratégie mondiale de la santé pour tous d'ici l'an 2000
Enregistré dans:
| Auteur principal: | |
|---|---|
| Format: | Livre |
| Langue: | Undetermined |
| Publié: |
Geneva
OMS
1993
|
| Sujets: | |
| Tags: |
Ajouter un tag
Pas de tags, Soyez le premier à ajouter un tag!
|
| Thư viện lưu trữ: | Trung tâm Học liệu Trường Đại học Cần Thơ |
|---|
| LEADER | 00495nam a2200169Ia 4500 | ||
|---|---|---|---|
| 001 | CTU_6414 | ||
| 008 | 210402s9999 xx 000 0 und d | ||
| 082 | |a 362.10425 | ||
| 082 | |b M678 | ||
| 100 | |a OMS | ||
| 245 | 0 | |a Mise en oeuvre de la stratégie mondiale de la santé pour tous d'ici l'an 2000 | |
| 245 | 0 | |c OMS | |
| 260 | |a Geneva | ||
| 260 | |b OMS | ||
| 260 | |c 1993 | ||
| 650 | |a national health programmes,primary health care | ||
| 980 | |a Trung tâm Học liệu Trường Đại học Cần Thơ | ||